000
00273nam a2200109Ia 4500
001
1259637
005
20260417140315.0
008
260417s9999 xx 000 0 und d
020
_a
9789752893726
245
0
_a
Gurbet Kuşları
_c
Orhan Kemal
260
_b
Everest Yayınları
999
_c
1259637
_d
1259637